[Event "Stay Safe Play From Home 283"]
[Site "Emanuel Lasker Arena"]
[Date "2020.07.07"]
[Round "7"]
[White "Mepe_Nika"]
[Black "Weltszmerc"]
[Result "1/2-1/2"]
[WhiteElo "2379"]
[BlackElo "2172"]
[Annotator "TA"]
[PlyCount "95"]
[EventDate "2020.07.07"]
[EventType "swiss (blitz)"]

{[%evp 17,95,0,20,5,10,0,0,0,0,0,12,-8,0,0,7,15,12,12,20,-10,-10,0,0,-7,0,-37,-45,-21,-50,-97,-97,-104,-100,-191,-99,-119,-115,-168,-164,-165,-156,-222,-210,-217,-218,-443,-443,-439,-437,-433,-431,-400,-344,-1190,-1079,-1945,-2012,-1883,-1686,-1140,-13,-13,-13,-13,-13,-16,-8,-8,-8,-8,-8,-8,-8,-8,-8,-8,-8,-8,-8,-8]} 1. d4 Nf6 2. Bf4 b6 3. e3 Bb7 4. Nf3 d6 5. h3 Nbd7 6. Be2 g6 7. O-O Bg7 8. c4 O-O 9. Nc3 Re8 10. Nd2 {E61: King's Indian: Early deviations for White, including Smyslov System.} e5 11. Bh2 exd4 12. exd4 {[#]} Nf8 $146 ({Predecessor:} 12... Ne4 13. Nb3 Nxc3 14. bxc3 Nf6 15. Bf3 Ne4 16. Qd3 f5 17. Rfe1 Qh4 18. Bg3 Qg5 {0-1 (33) Op den Dries,J (2118)-De Vos,N (2205) Vlissingen 2009}) 13. Bf3 Bxf3 14. Qxf3 Qd7 15. Rfe1 Rxe1+ (15... Ne6 {feels hotter.} 16. Nb3 Nh5 17. Qd3 Nef4 18. Qf3 Ne6) 16. Rxe1 Re8 17. Rxe8 Qxe8 18. Qe2 Qxe2 19. Nxe2 Ne6 20. f3 Nd7 21. d5 Nd4 22. Nc3 Nc5 23. b3 {[#]} Nxf3+ $1 {[%mdl 512]} 24. Nxf3 {Threatens to win with Nb5.} Bxc3 $17 {[%mdl 4096] Endgame KBN-KBN} 25. Kf2 {[#]} (25. Bf4 $17 {might work better.}) 25... f5 (25... Nd3+ $1 $19 26. Ke3 Nc1) 26. Ke3 h6 27. g4 (27. Bg1 $17) 27... fxg4 $19 28. hxg4 Kf7 29. Bf4 (29. Bg3 $17) 29... g5 30. Bg3 Kg6 31. Nd4 $2 {[#]} (31. Be1 Bb2 32. Nh2) 31... Bxd4+ $1 32. Kxd4 {KB-KN} h5 33. gxh5+ Kxh5 34. b4 Nd7 35. a4 $2 (35. Bf2) 35... Kg4 36. Be1 Kf3 37. a5 bxa5 38. c5 axb4 $2 (38... a4 $19 39. cxd6 cxd6) 39. cxd6 $11 {The position is equal.} cxd6 40. Bxb4 g4 41. Bxd6 g3 {[#]} 42. Bxg3 $1 {[%mdl 512]} Kxg3 {KN-KP} 43. Kc4 Kf4 44. Kb5 Nb8 {White must now prevent ...Ke5.} 45. d6 Ke5 {[#]} 46. d7 $1 {[%cal Rd7d8][%mdl 512]} Nxd7 {( -> ...Nb8)} 47. Ka6 Nb8+ 48. Kxa7 {Whites escaped into a draw. Accuracy: White = 52%, Black = 86%.} 1/2-1/2

[Event "Stay Safe Play From Home 283"]
[Site "Emanuel Lasker Arena"]
[Date "2020.07.07"]
[Round "7"]
[White "SoulofWolf"]
[Black "Lamborghini"]
[Result "0-1"]
[WhiteElo "2183"]
[BlackElo "2272"]
[PlyCount "114"]
[EventDate "2020.07.07"]
[EventType "swiss (blitz)"]

1. d4 {[%emt 0:00:00]} Nf6 {[%emt 0:00:01]} 2. c4 {[%emt 0:00:00]} g6 {[%emt 0:00:01]} 3. Nf3 {[%emt 0:00:00]} Bg7 {[%emt 0:00:00]} 4. b3 {[%emt 0:00:00]} O-O {[%emt 0:00:00]} 5. Bb2 {[%emt 0:00:00]} c6 {[%emt 0:00:01]} 6. Nbd2 {[%emt 0:00:00]} d5 {[%emt 0:00:01]} 7. e3 {[%emt 0:00:00]} a5 {[%emt 0:00:01]} 8. a3 {[%emt 0:00:01]} Na6 {[%emt 0:00:01]} 9. h3 {[%emt 0:00:00]} Nc7 {[%emt 0:00:01]} 10. Bd3 {[%emt 0:00:01]} b6 {[%emt 0:00:01]} 11. O-O {[%emt 0:00:01]} e6 {[%emt 0:00:01]} 12. Rc1 {[%emt 0:00:00]} Bb7 {[%emt 0:00:01]} 13. Ne5 {[%emt 0:00:01]} Nd7 {[%emt 0:00:01]} 14. Nef3 {[%emt 0:00:01]} dxc4 {[%emt 0:00:02]} 15. bxc4 {[%emt 0:00:01]} c5 {[%emt 0:00:01]} 16. Qb3 {[%emt 0:00:03]} cxd4 {[%emt 0:00:02]} 17. exd4 {[%emt 0:00:00]} Rb8 {[%emt 0:00:02]} 18. Rfd1 {[%emt 0:00:01]} Nf6 {[%emt 0:00:03]} 19. Bb1 {[%emt 0:00:02]} Qd7 {[%emt 0:00:02]} 20. Qa2 {[%emt 0:00:04]} Bc6 {[%emt 0:00:01]} 21. Bc2 {[%emt 0:00:02]} Rfd8 {[%emt 0:00:01]} 22. Qb1 {[%emt 0:00:01]} Qc8 {[%emt 0:00:02]} 23. Bd3 {[%emt 0:00:02]} Qb7 {[%emt 0:00:01]} 24. Be2 {[%emt 0:00:01]} Ne4 {[%emt 0:00:02]} 25. Nxe4 {[%emt 0:00:00]} Bxe4 {[%emt 0:00:01]} 26. Qa1 {[%emt 0:00:01]} Ne8 {[%emt 0:00:02]} 27. Bc3 {[%emt 0:00:01]} Qa8 {[%emt 0:00:02]} 28. Rd2 {[%emt 0:00:00]} b5 {[%emt 0:00:01]} 29. Rb2 {[%emt 0:00:00]} bxc4 {[%emt 0:00:02]} 30. Rxb8 {[%emt 0:00:01]} Rxb8 {[%emt 0:00:01]} 31. Bxc4 {[%emt 0:00:02]} Bxf3 {[%emt 0:00:01]} 32. gxf3 {[%emt 0:00:00]} Qxf3 {[%emt 0:00:02]} 33. Bf1 {[%emt 0:00:00]} Nd6 {[%emt 0:00:02]} 34. Bg2 {[%emt 0:00:03]} Qf4 {[%emt 0:00:01]} 35. Rd1 {[%emt 0:00:06]} Nf5 {[%emt 0:00:01]} 36. Rd3 {[%emt 0:00:03]} Rc8 {[%emt 0:00:01]} 37. Qd1 {[%emt 0:00:01]} Ne7 {[%emt 0:00:02]} 38. Bxa5 {[%emt 0:00:01]} Nd5 {[%emt 0:00:01]} 39. Bd2 {[%emt 0:00:01]} Qd6 {[%emt 0:00:01]} 40. Be3 {[%emt 0:00:00]} Bf8 {[%emt 0:00:01]} 41. Rd2 {[%emt 0:00:01]} Nxe3 {[%emt 0:00:01]} 42. fxe3 {[%emt 0:00:01]} Qxa3 {[%emt 0:00:00]} 43. Kf2 {[%emt 0:00:01]} Bh6 {[%emt 0:00:02]} 44. Qe2 {[%emt 0:00:00]} Qd6 {[%emt 0:00:01]} 45. Rd3 {[%emt 0:00:01]} Rc1 {[%emt 0:00:01]} 46. Rd2 {[%emt 0:00:00]} Qc7 {[%emt 0:00:01]} 47. Rc2 {[%emt 0:00:00]} Rxc2 {[%emt 0:00:01]} 48. Bf3 {[%emt 0:00:00]} Rxe2+ {[%emt 0:00:01]} 49. Bxe2 {[%emt 0:00:00]} Qc1 {[%emt 0:00:01]} 50. Kf3 {[%emt 0:00:00]} Qxe3+ {[%emt 0:00:00]} 51. Kg2 {[%emt 0:00:01]} Qxe2+ {[%emt 0:00:00]} 52. Kg3 {[%emt 0:00:01]} Qe3+ {[%emt 0:00:00]} 53. Kg4 {[%emt 0:00:01]} Qxd4+ {[%emt 0:00:00]} 54. Kg3 {[%emt 0:00:00]} Bf4+ {[%emt 0:00:01]} 55. Kg2 {[%emt 0:00:00]} Be5 {[%emt 0:00:01]} 56. Kf3 {[%emt 0:00:00]} Qd3+ {[%emt 0:00:01]} 57. Kg4 {[%emt 0:00:00]} Qg3# {[%emt 0:00:01] (Lag: Av=0.32s, max=0.8s)} 0-1

[Event "Stay Safe Play From Home 283"]
[Site "Emanuel Lasker Arena"]
[Date "2020.07.07"]
[Round "7"]
[White "Toosieslide"]
[Black "Haxhi Baha"]
[Result "1-0"]
[WhiteElo "2182"]
[BlackElo "2028"]
[PlyCount "43"]
[EventDate "2020.07.07"]
[EventType "swiss (blitz)"]

1. e4 {[%emt 0:00:02]} e6 {[%emt 0:00:01]} 2. Nf3 {[%emt 0:00:00]} d5 {[%emt 0:00:00]} 3. Nc3 {[%emt 0:00:00]} Nf6 {[%emt 0:00:02]} 4. exd5 {[%emt 0:00:01]} exd5 {[%emt 0:00:00]} 5. Bd3 {[%emt 0:00:00]} c6 {[%emt 0:00:00]} 6. O-O {[%emt 0:00:02]} Bd6 {[%emt 0:00:00]} 7. Re1+ {[%emt 0:00:00]} Kf8 {[%emt 0:00:01]} 8. b3 {[%emt 0:00:01]} h6 {[%emt 0:00:01]} 9. Bb2 {[%emt 0:00:00]} Bg4 {[%emt 0:00:00]} 10. h3 {[%emt 0:00:01]} Bh5 {[%emt 0:00:01]} 11. g4 {[%emt 0:00:01]} Bg6 {[%emt 0:00:03]} 12. Bxg6 {[%emt 0:00:00]} fxg6 {[%emt 0:00:00]} 13. Nh4 {[%emt 0:00:00]} Kf7 {[%emt 0:00:01]} 14. d4 {[%emt 0:00:00]} Re8 {[%emt 0:00:04]} 15. Qd3 {[%emt 0:00:01]} Ne4 {[%emt 0:00:01]} 16. Nxe4 {[%emt 0:00:02]} dxe4 {[%emt 0:00:00]} 17. Qc4+ {[%emt 0:00:02]} Kf6 {[%emt 0:00:02]} 18. d5+ {[%emt 0:00:01]} Kg5 {[%emt 0:00:01]} 19. Ng2 {[%emt 0:00:04]} Nd7 {[%emt 0:00:03]} 20. Rxe4 {[%emt 0:00:04]} Rxe4 {[%emt 0:00:01]} 21. Qxe4 {[%emt 0:00:01]} Qe7 {[%emt 0:00:11]} 22. h4# {[%emt 0:00:01] (Lag: Av=1.12s, max=1.5s)} 1-0

[Event "Stay Safe Play From Home 283"]
[Site "Emanuel Lasker Arena"]
[Date "2020.07.07"]
[Round "7"]
[White "Sfantul321"]
[Black "Fischer_11"]
[Result "1-0"]
[WhiteElo "1996"]
[BlackElo "2023"]
[Annotator "NA"]
[PlyCount "95"]
[EventDate "2020.07.07"]
[EventType "swiss (blitz)"]

1. c4 {[%emt 0:00:01]} Nf6 {[%emt 0:00:01]} 2. Nc3 {[%emt 0:00:00]} g6 {[%emt 0:00:00]} 3. g3 {[%emt 0:00:01]} Bg7 {[%emt 0:00:00]} 4. Bg2 {[%emt 0:00:00]} d6 {[%emt 0:00:00]} 5. e3 {[%emt 0:00:00]} O-O {[%emt 0:00:00]} 6. Nge2 {[%emt 0:00:00]} e5 {[%emt 0:00:00]} 7. O-O {[%emt 0:00:00]} Nc6 {[%emt 0:00:00]} 8. d3 {[%emt 0:00:00]} Bg4 {[%emt 0:00:00]} 9. h3 {[%emt 0:00:00]} Bf5 {[%emt 0:00:01]} 10. Kh2 {[%emt 0:00:01]} e4 {[%emt 0:00:01]} 11. d4 {[%emt 0:00:02]} d5 {[%emt 0:00:02]} 12. cxd5 {[%emt 0:00:01]} Nxd5 {[%emt 0:00:01]} 13. Nxe4 {[%emt 0:00:01]} Bxe4 {[%emt 0:00:01]} 14. Bxe4 {[%emt 0:00:01]} Re8 {[%emt 0:00:00]} 15. Bg2 {[%emt 0:00:02]} Qd7 {[%emt 0:00:02]} 16. Nc3 {[%emt 0:00:01]} Nxc3 {[%emt 0:00:02]} 17. bxc3 {[%emt 0:00:01]} Rad8 {[%emt 0:00:00]} 18. Rb1 {[%emt 0:00:01]} h5 {[%emt 0:00:00]} 19. Rxb7 {[%emt 0:00:02]} Na5 {[%emt 0:00:02]} 20. Rxa7 {[%emt 0:00:01]} Nc4 {[%emt 0:00:00]} 21. Qb3 {[%emt 0:00:02]} Nb6 {[%emt 0:00:07]} 22. c4 {[%emt 0:00:03]} h4 {[%emt 0:00:02]} 23. Bd2 {[%emt 0:00:02]} hxg3+ {[%emt 0:00:01]} 24. fxg3 {[%emt 0:00:01]} Bh6 {[%emt 0:00:12]} 25. c5 {[%emt 0:00:02]} Nd5 {[%emt 0:00:01]} 26. Qxd5 {[%emt 0:00:02]} Qxd5 {[%emt 0:00:00]} 27. Bxd5 {[%emt 0:00:01]} Rxd5 {[%emt 0:00:01]} 28. Rxc7 {[%emt 0:00:00]} Bxe3 {[%emt 0:00:01]} 29. Bxe3 {[%emt 0:00:02]} Rxe3 {[%emt 0:00:00]} 30. Rfxf7 {[%emt 0:00:01]} Rxd4 {[%emt 0:00:03]} 31. Rfd7 {[%emt 0:00:04]} Re2+ {[%emt 0:00:03]} 32. Kg1 {[%emt 0:00:02]} Rxd7 {[%emt 0:00:03]} 33. Rxd7 {[%emt 0:00:01]} Rxa2 {[%emt 0:00:00]} 34. c6 {[%emt 0:00:01]} Rc2 {[%emt 0:00:00]} 35. c7 {[%emt 0:00:00]} Kf8 {[%emt 0:00:04]} 36. Rd8+ {[%emt 0:00:01]} Ke7 {[%emt 0:00:00]} 37. c8=Q {[%emt 0:00:00]} Rxc8 {[%emt 0:00:01]} 38. Rxc8 {[%emt 0:00:01]} Kf6 {[%emt 0:00:00]} 39. Rc5 {[%emt 0:00:01]} Kg7 {[%emt 0:00:01]} 40. g4 {[%emt 0:00:00]} Kh6 {[%emt 0:00:00]} 41. h4 {[%emt 0:00:00]} Kh7 {[%emt 0:00:01]} 42. Kf2 {[%emt 0:00:00]} Kg7 {[%emt 0:00:01]} 43. Kf3 {[%emt 0:00:00]} Kh6 {[%emt 0:00:00]} 44. Kf4 {[%emt 0:00:00]} Kg7 {[%emt 0:00:00]} 45. Kg5 {[%emt 0:00:01]} Kh7 {[%emt 0:00:01]} 46. Rc7+ {[%emt 0:00:01]} Kh8 {[%emt 0:00:00]} 47. Kxg6 {[%emt 0:00:00]} Kg8 {[%emt 0:00:01]} 48. Rc8# {[%emt 0:00:00] (Lag: Av=0.22s, max=0.7s)} 1-0

[Event "Stay Safe Play From Home 283"]
[Site "Emanuel Lasker Arena"]
[Date "2020.07.07"]
[Round "7"]
[White "Haris kollari 13"]
[Black "Lazieri3"]
[Result "0-1"]
[WhiteElo "1765"]
[BlackElo "2089"]
[Annotator "NA"]
[PlyCount "84"]
[EventDate "2020.07.07"]
[EventType "swiss (blitz)"]

1. e4 {[%emt 0:00:00]} c6 {[%emt 0:00:00]} 2. f4 {[%emt 0:00:01]} d5 {[%emt 0:00:00]} 3. e5 {[%emt 0:00:00]} Bf5 {[%emt 0:00:02]} 4. Nf3 {[%emt 0:00:00]} e6 {[%emt 0:00:01]} 5. d4 {[%emt 0:00:00]} h6 {[%emt 0:00:01]} 6. Bd3 {[%emt 0:00:01]} Bxd3 {[%emt 0:00:01]} 7. Qxd3 {[%emt 0:00:00]} c5 {[%emt 0:00:00]} 8. Be3 {[%emt 0:00:01]} cxd4 {[%emt 0:00:01]} 9. Bxd4 {[%emt 0:00:02]} Nc6 {[%emt 0:00:00]} 10. c3 {[%emt 0:00:01]} Nxd4 {[%emt 0:00:01]} 11. cxd4 {[%emt 0:00:01]} Bb4+ {[%emt 0:00:01]} 12. Nc3 {[%emt 0:00:01]} Bxc3+ {[%emt 0:00:00]} 13. bxc3 {[%emt 0:00:01]} Ne7 {[%emt 0:00:00]} 14. O-O {[%emt 0:00:01]} O-O {[%emt 0:00:01]} 15. Rab1 {[%emt 0:00:00]} b6 {[%emt 0:00:01]} 16. a4 {[%emt 0:00:01]} Nc6 {[%emt 0:00:01]} 17. Nd2 {[%emt 0:00:02]} Na5 {[%emt 0:00:01]} 18. Rb5 {[%emt 0:00:02]} f5 {[%emt 0:00:01]} 19. exf6 {[%emt 0:00:03]} Rxf6 {[%emt 0:00:01]} 20. g3 {[%emt 0:00:00]} Rc8 {[%emt 0:00:02]} 21. Re1 {[%emt 0:00:02]} Nc4 {[%emt 0:00:02]} 22. Nxc4 {[%emt 0:00:01]} Rxc4 {[%emt 0:00:00]} 23. a5 {[%emt 0:00:02]} bxa5 {[%emt 0:00:01]} 24. Reb1 {[%emt 0:00:01]} Qc7 {[%emt 0:00:06]} 25. Rb8+ {[%emt 0:00:02]} Rf8 {[%emt 0:00:01]} 26. R8b7 {[%emt 0:00:00]} Qd8 {[%emt 0:00:10]} 27. Qg6 {[%emt 0:00:01]} Rc7 {[%emt 0:00:01]} 28. Qxe6+ {[%emt 0:00:02]} Kh8 {[%emt 0:00:01]} 29. Rxc7 {[%emt 0:00:03]} Qxc7 {[%emt 0:00:00]} 30. Qxd5 {[%emt 0:00:02]} Qxc3 {[%emt 0:00:01]} 31. Qc5 {[%emt 0:00:01]} Qe3+ {[%emt 0:00:01]} 32. Kg2 {[%emt 0:00:02]} Qe4+ {[%emt 0:00:01]} 33. Kh3 {[%emt 0:00:01]} Rd8 {[%emt 0:00:01]} 34. Qxa5 {[%emt 0:00:05]} Rd5 {[%emt 0:00:03]} 35. Rb5 {[%emt 0:00:02]} Qf5+ {[%emt 0:00:02]} 36. Kg2 {[%emt 0:00:01]} Rxb5 {[%emt 0:00:01]} 37. Qd8+ {[%emt 0:00:01]} Kh7 {[%emt 0:00:01]} 38. g4 {[%emt 0:00:00]} Qxg4+ {[%emt 0:00:01]} 39. Kf2 {[%emt 0:00:01]} Qxf4+ {[%emt 0:00:00]} 40. Ke2 {[%emt 0:00:01]} Rb2+ {[%emt 0:00:00]} 41. Kd3 {[%emt 0:00:01]} Qf5+ {[%emt 0:00:01]} 42. Kc3 {[%emt 0:00:01]} Qc2# {[%emt 0:00:00] (Lag: Av=0.73s, max=1.0s)} 0-1

[Event "Stay Safe Play From Home 283"]
[Site "Emanuel Lasker Arena"]
[Date "2020.07.07"]
[Round "7"]
[White "Trotsky"]
[Black "Robk"]
[Result "1-0"]
[WhiteElo "1626"]
[BlackElo "1518"]
[Annotator "NA"]
[PlyCount "37"]
[EventDate "2020.07.07"]
[EventType "swiss (blitz)"]

1. d4 {[%emt 0:00:01]} d5 {[%emt 0:00:03]} 2. e3 {[%emt 0:00:00]} e5 {[%emt 0:00:01]} 3. c4 {[%emt 0:00:01]} dxc4 {[%emt 0:00:03]} 4. Bxc4 {[%emt 0:00:02]} exd4 {[%emt 0:00:01]} 5. exd4 {[%emt 0:00:01]} Nf6 {[%emt 0:00:01]} 6. Be3 {[%emt 0:00:01]} Nc6 {[%emt 0:00:02]} 7. Nc3 {[%emt 0:00:01]} Bb4 {[%emt 0:00:02]} 8. Nf3 {[%emt 0:00:04]} Ne4 {[%emt 0:00:01]} 9. Qc2 {[%emt 0:00:01]} Nxc3 {[%emt 0:00:02]} 10. bxc3 {[%emt 0:00:01]} Be7 {[%emt 0:00:01]} 11. O-O-O {[%emt 0:00:01]} O-O {[%emt 0:00:01]} 12. Bd3 {[%emt 0:00:01]} h6 {[%emt 0:00:02]} 13. h4 {[%emt 0:00:01]} a5 {[%emt 0:00:03]} 14. Ng5 {[%emt 0:00:01]} a4 {[%emt 0:00:04]} 15. Bh7+ {[%emt 0:00:01]} Kh8 {[%emt 0:00:03]} 16. Bg8 {[%emt 0:00:00]} g6 {[%emt 0:00:09]} 17. Bxf7 {[%emt 0:00:01]} Kg7 {[%emt 0:00:04]} 18. Qxg6+ {[%emt 0:00:01]} Kh8 {[%emt 0:00:05]} 19. Qh7# {[%emt 0:00:01] (Lag: Av=0.50s, max=0.8s)} 1-0

[Event "Stay Safe Play From Home 283"]
[Site "Emanuel Lasker Arena"]
[Date "2020.07.07"]
[Round "8"]
[White "Broken sword"]
[Black "Sfantul321"]
[Result "1-0"]
[WhiteElo "2475"]
[BlackElo "2014"]
[Annotator "NA"]
[PlyCount "101"]
[EventDate "2020.07.07"]
[EventType "swiss (blitz)"]

1. e4 {[%emt 0:00:01]} d5 {[%emt 0:00:00]} 2. exd5 {[%emt 0:00:01]} Qxd5 {[%emt 0:00:01]} 3. Nf3 {[%emt 0:00:00]} Qd8 {[%emt 0:00:00]} 4. d4 {[%emt 0:00:01]} Bg4 {[%emt 0:00:01]} 5. Be2 {[%emt 0:00:01]} e6 {[%emt 0:00:00]} 6. c3 {[%emt 0:00:00]} Nf6 {[%emt 0:00:01]} 7. Qb3 {[%emt 0:00:00]} b6 {[%emt 0:00:01]} 8. O-O {[%emt 0:00:01]} c6 {[%emt 0:00:01]} 9. Bg5 {[%emt 0:00:00]} Be7 {[%emt 0:00:01]} 10. Nbd2 {[%emt 0:00:01]} O-O {[%emt 0:00:01]} 11. Rfe1 {[%emt 0:00:01]} h6 {[%emt 0:00:01]} 12. Bh4 {[%emt 0:00:01]} Nbd7 {[%emt 0:00:01]} 13. h3 {[%emt 0:00:01]} Bh5 {[%emt 0:00:01]} 14. Bd3 {[%emt 0:00:00]} Bxf3 {[%emt 0:00:02]} 15. Nxf3 {[%emt 0:00:01]} c5 {[%emt 0:00:00]} 16. Rad1 {[%emt 0:00:02]} cxd4 {[%emt 0:00:01]} 17. Nxd4 {[%emt 0:00:01]} Nc5 {[%emt 0:00:01]} 18. Qc2 {[%emt 0:00:00]} Nxd3 {[%emt 0:00:01]} 19. Rxd3 {[%emt 0:00:00]} Qc7 {[%emt 0:00:01]} 20. Red1 {[%emt 0:00:00]} Rfd8 {[%emt 0:00:02]} 21. Bg3 {[%emt 0:00:01]} Qb7 {[%emt 0:00:02]} 22. Qe2 {[%emt 0:00:05]} Ne4 {[%emt 0:00:01]} 23. Bh2 {[%emt 0:00:01] Sfantul321 offers a draw} Rac8 {[%emt 0:00:03]} 24. Nf3 {[%emt 0:00:03]} Nf6 {[%emt 0:00:02]} 25. Be5 {[%emt 0:00:01]} Rxd3 {[%emt 0:00:01]} 26. Rxd3 {[%emt 0:00:00]} Rd8 {[%emt 0:00:02]} 27. Bxf6 {[%emt 0:00:01]} Bxf6 {[%emt 0:00:01]} 28. Qd1 {[%emt 0:00:00]} Rxd3 {[%emt 0:00:01]} 29. Qxd3 {[%emt 0:00:00]} Qd5 {[%emt 0:00:01]} 30. Qxd5 {[%emt 0:00:01]} exd5 {[%emt 0:00:00]} 31. Kf1 {[%emt 0:00:00]} Kf8 {[%emt 0:00:01]} 32. Ke2 {[%emt 0:00:00]} Ke7 {[%emt 0:00:00]} 33. Kd3 {[%emt 0:00:00]} Kd6 {[%emt 0:00:00]} 34. Nd2 {[%emt 0:00:01]} Kc5 {[%emt 0:00:01]} 35. b3 {[%emt 0:00:01]} b5 {[%emt 0:00:01]} 36. Nf1 {[%emt 0:00:03]} a5 {[%emt 0:00:01]} 37. Ne3 {[%emt 0:00:01]} d4 {[%emt 0:00:01]} 38. cxd4+ {[%emt 0:00:02]} Bxd4 {[%emt 0:00:02]} 39. Nf5 {[%emt 0:00:00]} Bf6 {[%emt 0:00:01]} 40. Ng3 {[%emt 0:00:02]} g6 {[%emt 0:00:02]} 41. Ne4+ {[%emt 0:00:01]} Kb4 {[%emt 0:00:01]} 42. Nxf6 {[%emt 0:00:00]} Ka3 {[%emt 0:00:00]} 43. Kc3 {[%emt 0:00:01]} Kxa2 {[%emt 0:00:00]} 44. Nd5 {[%emt 0:00:02]} a4 {[%emt 0:00:01]} 45. bxa4 {[%emt 0:00:00]} bxa4 {[%emt 0:00:01]} 46. Kc2 {[%emt 0:00:00]} a3 {[%emt 0:00:01]} 47. f4 {[%emt 0:00:01]} Ka1 {[%emt 0:00:01]} 48. Nc7 {[%emt 0:00:03]} a2 {[%emt 0:00:01]} 49. Na6 {[%emt 0:00:04]} f6 {[%emt 0:00:01]} 50. Nc5 {[%emt 0:00:00]} f5 {[%emt 0:00:01]} 51. Nb3# {[%emt 0:00:00] (Lag: Av=0.22s, max=0.5s)} 1-0

[Event "Stay Safe Play From Home 283"]
[Site "Emanuel Lasker Arena"]
[Date "2020.07.07"]
[Round "8"]
[White "Jhhonnyy"]
[Black "SoulofWolf"]
[Result "1-0"]
[WhiteElo "2298"]
[BlackElo "2171"]
[PlyCount "43"]
[EventDate "2020.07.07"]
[EventType "swiss (blitz)"]

1. d4 {[%emt 0:00:03]} b6 {[%emt 0:00:00]} 2. c4 {[%emt 0:00:01]} c6 {[%emt 0:00:00]} 3. Nf3 {[%emt 0:00:00]} Na6 {[%emt 0:00:01]} 4. g3 {[%emt 0:00:00]} Nc7 {[%emt 0:00:00]} 5. Bg2 {[%emt 0:00:00]} g6 {[%emt 0:00:00]} 6. O-O {[%emt 0:00:00]} Bg7 {[%emt 0:00:00]} 7. Nc3 {[%emt 0:00:00]} d6 {[%emt 0:00:01]} 8. e4 {[%emt 0:00:00]} Nf6 {[%emt 0:00:00]} 9. Re1 {[%emt 0:00:00]} O-O {[%emt 0:00:01]} 10. h3 {[%emt 0:00:00]} Bb7 {[%emt 0:00:01]} 11. Bf4 {[%emt 0:00:02]} Nd7 {[%emt 0:00:01]} 12. Qc2 {[%emt 0:00:01]} Re8 {[%emt 0:00:01]} 13. Rad1 {[%emt 0:00:00]} Qc8 {[%emt 0:00:01]} 14. b4 {[%emt 0:00:01]} e5 {[%emt 0:00:00]} 15. Be3 {[%emt 0:00:01]} h6 {[%emt 0:00:02]} 16. Qb3 {[%emt 0:00:01]} Kh7 {[%emt 0:00:01]} 17. c5 {[%emt 0:00:01]} dxc5 {[%emt 0:00:05]} 18. dxc5 {[%emt 0:00:02]} bxc5 {[%emt 0:00:08]} 19. Qxf7 {[%emt 0:00:01]} Nf6 {[%emt 0:00:03]} 20. bxc5 {[%emt 0:00:02]} Ne6 {[%emt 0:00:06]} 21. Rb1 {[%emt 0:00:04]} Rf8 {[%emt 0:00:04]} 22. Qxb7 {[%emt 0:00:02] SoulofWolf poddaje siê (Lag: Av=0.26s, max=0.4s)} 1-0

[Event "Stay Safe Play From Home 283"]
[Site "Emanuel Lasker Arena"]
[Date "2020.07.07"]
[Round "8"]
[White "Lamborghini"]
[Black "Mepe_Nika"]
[Result "0-1"]
[WhiteElo "2284"]
[BlackElo "2370"]
[Annotator "TA"]
[PlyCount "126"]
[EventDate "2020.07.07"]
[EventType "swiss (blitz)"]

{[%evp 23,126,-19,-19,-27,104,-16,-14,-8,-16,-12,-8,-6,-11,-20,0,8,32,19,43,44,94,84,137,92,156,158,251,181,182,197,187,154,589,589,584,581,519,431,570,508,631,496,510,502,519,495,489,485,490,475,516,514,663,632,572,584,1442,1376,2440,2329,1675,1571,6591,6403,5506,1942,2643,2439,29987,29978,7123,29957,29988,5218,5232,5210,4132,1008,4132,0,1190,0,1613,1008,1093,865,29991,29992,29993,29993,29994,29994,29994,29995,29995,29994,29994,29993,29995,29992,29994,29991,29992,0,29991]} 1. e4 e5 2. Nf3 Nc6 3. Bb5 a6 4. Ba4 Nf6 5. O-O Be7 6. Re1 b5 7. Bb3 O-O 8. c3 d5 9. d3 dxe4 10. dxe4 Qxd1 11. Bxd1 h6 12. Bb3 Rd8 13. Nbd2 {[#] C89: Closed Ruy Lopez: Marshall Attack.} Na5 $146 (13... Bd6 $11 {keeps the balance.}) ({Predecessor:} 13... Bb7 14. Nf1 Na5 15. Bc2 Nc4 16. a4 Bc5 17. h3 Re8 18. Ng3 Rad8 19. b3 Nb6 20. axb5 axb5 21. Be3 Bxe3 22. Rxe3 Ra8 23. Ree1 Nbd7 {0-1 (23) Munoz,L (1812)-Torrente,A (2071) Uniagraria 2019}) 14. Bc2 (14. Nxe5 $16 Nxb3 15. Nxb3) 14... Bd6 $11 15. Nf1 Be6 16. Ng3 Nc4 17. b3 Nb6 18. Nf5 Bxf5 19. exf5 Re8 20. Nd2 $1 a5 21. Ne4 Nxe4 22. Bxe4 {White stays focused until the end.} Rad8 ({Black should play} 22... Rab8) 23. Be3 f6 (23... Rb8 $142) 24. Bc6 $16 Re7 (24... Rf8 $16 25. Bxb5 Ba3) 25. Bxb5 Nd5 26. Bc4 c6 27. Rad1 Kh8 $2 (27... Bc7 $16 {is more resistant.} 28. b4 Kh7) 28. Bxd5 $18 cxd5 29. Rxd5 Bc7 30. Red1 Rde8 31. Rd7 Kh7 32. Rxe7 Rxe7 {[%mdl 4096] Endgame KRB-KRB} 33. g4 e4 34. h4 Be5 35. c4 Rc7 36. c5 Rb7 37. Rc1 a4 38. bxa4 {[%cal Bb3a4,Ba4a5][%mdl 32]} Bc7 39. c6 Rb4 {[#]} 40. a5 $1 Rb5 {[#]} (40... Bxa5 41. Bd2) 41. Bb6 $1 Bf4 (41... Bxb6 42. axb6) 42. c7 Bxc1 43. c8=Q Rb1 44. Qe8 Bg5+ {[#]} 45. Kg2 $1 Bxh4 46. Qg6+ Kg8 47. Bd4 Rd1 {[#]} 48. g5 $1 {[%mdl 64] Promotion} Bxg5 (48... fxg5 49. Qxg7#) 49. Bxf6 Bxf6 {KQ-KRB} 50. Qe8+ {[%mdl 64] Double Attack} Kh7 51. Qg6+ (51. a6 $142 Rd2 52. a7 Rxa2 53. a8=Q Rxa8 54. Qxa8) 51... Kg8 52. Qe8+ {[%mdl 64] Double Attack} Kh7 53. Qxe4 Rd2 54. Qc4 Rxf2+ 55. Kxf2 Bh4+ 56. Kf3 Bf6 57. Ke4 h5 {[#]} 58. Qf7 $1 h4 59. Qg6+ Kg8 60. Qe8+ Kh7 61. Qh5+ Kg8 {[#]} 62. Qg4 $1 Kf8 63. Qg6 $2 (63. a6 {mates} h3 64. a7 h2 65. a8=Q+ Ke7 66. Qb7+ Kd8 67. Qd1+ Bd4 68. Kxd4 g5 69. Qe2 h1=B 70. Qee7#) 63... Ke7 $2 {[%mdl 40960] Accuracy: White = 73%, Black = 41%. . Sensor Board Error (Ke4/e5)?} (63... Kg8 $11 64. a6 Kf8 65. a7 Ke7 66. a8=Q Kd6 67. Qge8 Kc5 68. Qec6+ Kb4 69. Qaa4#) 0-1